01034nam a2200253 a 4500001000900000005001700009008004100026020001500067040001800082050002500100100002700125245020100152260004700353300003200400500002100432500005000453504003200503610006700535650003700602650003900639650005400678700003100732700001700763BRCA_39020190320203004.0010615s2001 nyua---##b---#001-0#eng-# a0890133891 aDLCcDLCdDLC 4aNK4320.M5b.L49 20011 aLister, Florence Cline10aMaiolica olébspanish and Mexican decorative traditions featuring the collection of the Museum of International Folk Artcby Florence C. Lister and Robert H. Lister ; photography by Paul Smutko. aNuevo MéxicobMuseum of New Mexicoc2001 a176 p.bil. a colorc28 cm. aIncluye índice a2do. ejemplar en el Área de Investigación aBibliografía : p. 167-16924aMuseum of International Folk Art (Nuevo México)vCatálogos14aMayólica mexicanavCatálogos14aMayólica españolavCatálogos14aCerámica esmaltadavCatálogoszNuevo México1 aLister, Robert Hilld1915-1 aSmutko, Paul